000 00607nam a2200181Ia 4500
008 090123s9999 xx 000 0 und d
082 _b10405
_a891.463/पाटील
100 _aपाटील आप्पासाहेब
245 _aप्रितीगंध
250 _a1
260 _bगुलमोहर पब्लिकेशन
_c1984
300 _a128
600 _aपाटील आप्पासाहेब
630 _aप्रितीगंध
700 _aपाटील आप्पासाहेब
730 _aप्रितीगंध
942 _cBOOK
999 _c48470
_d48470